| 000 | 00459cam a2200169ua 4500 | ||
|---|---|---|---|
| 020 | _a0-442-20679-8 | ||
| 041 |
_aeng _h |
||
| 082 |
_a028.71628 _bBEW/HA |
||
| 100 | _aBewick, Michael W M . | ||
| 245 |
_aHandbook of organic waste conversion / _cMichael W M Bewick. _hTextual Documents |
||
| 260 |
_aNew York : _bVan Nostrand Reinhold Company , _c1980. |
||
| 300 | _a419 ; . | ||
| 504 | _a | ||
| 700 | 1 | _aBiol, M I . | |
| 942 | _cBK | ||
| 999 |
_c3861 _d3861 |
||